000 00343 a2200157 4500
001 152620
040 _cEscola São Tomás de Aquino
100 _aVILHENA, Vera
240 1 0 _aA corte chegou
_lpor
245 1 0 _aA corte chegou
300 _a84
362 0 _a2006
440 1 _aMelhoramentos
697 _a*LITERATURA JUVENIL
942 _cBK
999 _c152620
_d152620